000
00221 a2200097 4500
001
45478
100
_a
M Ayub
245
_a
Regional security in the third world
260
_a
London
_b
Croon helm
_c
090
_c
28640
_d
28640
942
_a
NUST-CAE
_c
M
_c
20714
999
_c
280551
_d
280551